| 000 | 00744cab a2200229 4500 | ||
|---|---|---|---|
| 001 | WB2720-71 | ||
| 008 | 090401t1991 xxu||||| |||| 00| 0 eng d | ||
| 035 | _a(Sirsi) u12012 | ||
| 041 | _aeng | ||
| 245 | _aToll motorway | ||
| 260 | _c1991 | ||
| 350 | _a0 | ||
| 490 |
_aFinancial Times _v17/5/91 p8 |
||
| 520 | _aA bid by Tarmac to build Britain`s first privately financed toll motorway has been rejected by the Department of Transport , leaving just two consortia tendering for the project. | ||
| 650 | _aPRIVATE FINANCE | ||
| 650 | _aPROPERTY-INFRASTRUCTURE-TRANSPORT INFRASTRUCTURE-ROAD INFRASTRUCTURE | ||
| 650 | _aTENDERS | ||
| 650 | _aTOLL ROAD | ||
| 690 | _aTRANSPORT AND COMMUNICATIONS | ||
| 942 | _n0 | ||
| 948 | _c04/03/1997 | ||
| 999 |
_c7682 _d7682 |
||